[Event "ISR-ch 34th"]
[Site "Haifa"]
[Date "2008.12.07"]
[Round "4"]
[White "Efroimski, Marsel"]
[Black "Vovinkina, Natalia"]
[Result "0-1"]
[WhiteElo "2052"]
[BlackElo "2437"]
[PlyCount "80"]
[EventDate "2008.12.01"]
[EventType "swiss"]
[EventRounds "9"]
[EventCountry "ISR"]
[SourceTitle "CBM 127 Extra"]
[Source "ChessBase"]
[SourceDate "2009.01.08"]
[SourceVersion "2"]
[SourceVersionDate "2009.01.28"]
[SourceQuality "1"]

1. e4 e5 2. Nf3 Nc6 3. Bc4 d6 4. c3 g6 5. d4 Qe7 6. 0-0 Bg7 7. b4 Bg4 8. d5 Nb8 9. Qa4+ Bd7 10. Qc2 h6 11. Bd3 Nf6 12. Nfd2 0-0 13. c4 a5 14. bxa5 Rxa5 15. Nb3 Ra8 16. c5 Ne8 17. Bb2 f5 18. f4 exf4 19. Rxf4 Na6 20. Bxa6 Rxa6 21. Bxg7 Kxg7 22. N1d2 Nf6 23. Raf1 Rfa8 24. Qc3 Qe5 25. Qb4 b5 26. c6 Bc8 27. Qxb5 Rxa2 28. Qb4 R2a4 29. Qb5 Qc3 30. R4f3 Qb4 31. Qxb4 Rxb4 32. exf5 Bxf5 33. h3 h5 34. Nc1 Nxd5 35. Nd3 Rd4 36. g4 hxg4 37. hxg4 Bxd3 38. Rf7+ Kg8 39. R1f2 Rxg4+ 40. Kh2 Bf5 0-1

[Event "EU-ch (Women) 8th"]
[Site "Dresden"]
[Date "2007.04.13"]
[Round "10"]
[White "Benderac, Ana"]
[Black "Vovinkina, Natalia"]
[Result "1-0"]
[WhiteElo "2303"]
[BlackElo "2202"]
[PlyCount "85"]
[EventDate "2007.04.03"]
[EventType "swiss"]
[EventRounds "11"]
[EventCountry "GER"]
[SourceTitle "CBM 117 Extra"]
[Source "ChessBase"]
[SourceDate "2007.05.09"]
[SourceVersion "1"]
[SourceVersionDate "2007.05.09"]
[SourceQuality "1"]

1. d4 d6 2. e4 Nf6 3. Nc3 c6 4. f3 Qa5 5. Be3 e5 6. Nge2 Be6 7. Nc1 Be7 8. Nb3 Qc7 9. Be2 a5 10. 0-0 a4 11. Nd2 a3 12. Nb3 axb2 13. Rb1 exd4 14. Bxd4 b5 15. Rxb2 Nbd7 16. g4 b4 17. Nb1 Nb6 18. c3 c5 19. Bf2 Na4 20. Rc2 Nxc3 21. Nxc3 bxc3 22. Qe1 Nd7 23. Qxc3 h5 24. Nd4 hxg4 25. f4 Bf6 26. Nb5 Qb8 27. Qd2 Ke7 28. Bg3 c4 29. f5 Ne5 30. Nc3 Bc8 31. Rb1 Qa7+ 32. Bf2 Qa3 33. Nb5 c3 34. Qd5 Qa6 35. Nc7 Qc6 36. Nxa8 Qxd5 37. exd5 Ba6 38. Bxa6 Rxa8 39. Be2 Ra5 40. Rb7+ Kf8 41. Bb5 g6 42. Rb8+ Kg7 43. a4 1-0

[Event "EU-ch (Women) 8th"]
[Site "Dresden"]
[Date "2007.04.09"]
[Round "7"]
[White "Vovinkina, Natalia"]
[Black "Norinkeviciute, Rasa"]
[Result "1-0"]
[WhiteElo "2202"]
[BlackElo "2094"]
[PlyCount "155"]
[EventDate "2007.04.03"]
[EventType "swiss"]
[EventRounds "11"]
[EventCountry "GER"]
[SourceTitle "CBM 117 Extra"]
[Source "ChessBase"]
[SourceDate "2007.05.09"]
[SourceVersion "1"]
[SourceVersionDate "2007.05.09"]
[SourceQuality "1"]

1. d4 g6 2. e4 Bg7 3. Nc3 d6 4. Be3 a6 5. Qd2 Nd7 6. h4 h5 7. Nf3 b5 8. Ng5 Bb7 9. Bd3 c5 10. e5 dxe5 11. dxc5 Ngf6 12. 0-0 0-0 13. f3 Qc7 14. b4 Nb8 15. a4 bxa4 16. Rxa4 Rd8 17. Qe2 Nc6 18. Nge4 Nd4 19. Nxf6+ Bxf6 20. Qf2 Qd7 21. Rfa1 Nc6 22. Be4 Bg7 23. Nd5 Rab8 24. Nb6 Qc7 25. Nd5 Qd7 26. c4 Nd4 27. Nb6 Qc7 28. Bxb7 Rxb7 29. Rxa6 f5 30. Nd5 Rxd5 31. cxd5 Rxb4 32. d6 exd6 33. cxd6 Qd7 34. Qa2+ Kh7 35. Ra8 Ne6 36. Qd5 Rb5 37. Qd1 Nd4 38. R8a6 Rd5 39. Qa4 Rxd6 40. Ra7 Qxa4 41. R1xa4 Ne6 42. Bg5 Kg8 43. Ra8+ Nf8 44. R4a7 Re6 45. Rb7 e4 46. Kf1 Kh8 47. fxe4 fxe4 48. Ke2 Kg8 49. Ke3 Rd6 50. Re8 Rd3+ 51. Ke2 Rg3 52. Kf1 Rc3 53. Ree7 Bd4 54. Rxe4 Bg7 55. Ree7 Bd4 56. Re8 Rc5 57. Ke2 Rf5 58. Bh6 Bh8 59. Kd3 Ba1 60. Rc8 Rd5+ 61. Kc4 Rf5 62. g3 Rf1 63. Kd3 Rf3+ 64. Ke4 Rf5 65. Rb6 Re5+ 66. Kf3 Rf5+ 67. Kg2 Bg7 68. Rxg6 Kh7 69. Rg5 Rxg5 70. Bxg5 Ne6 71. Rc6 Nd4 72. Ra6 Nf5 73. Kf3 Nd4+ 74. Ke4 Ne2 75. Bf4 Nc3+ 76. Kf5 Nd5 77. Kg5 Nf6 78. Rxf6 1-0

[Event "EU-ch (Women) 8th"]
[Site "Dresden"]
[Date "2007.04.08"]
[Round "6"]
[White "Vovinkina, Natalia"]
[Black "Nagel, Verena"]
[Result "1-0"]
[WhiteElo "2202"]
[BlackElo "2079"]
[PlyCount "110"]
[EventDate "2007.04.03"]
[EventType "swiss"]
[EventRounds "11"]
[EventCountry "GER"]
[SourceTitle "CBM 117 Extra"]
[Source "ChessBase"]
[SourceDate "2007.05.09"]
[SourceVersion "1"]
[SourceVersionDate "2007.05.09"]
[SourceQuality "1"]

1. d4 Nf6 2. Bg5 d5 3. e3 e6 4. Bd3 c5 5. c3 Nc6 6. Nd2 c4 7. Bc2 b5 8. e4 Be7 9. e5 Nd7 10. Bxe7 Qxe7 11. Ne2 Nb6 12. a3 a5 13. 0-0 Bb7 14. f4 g6 15. b3 b4 16. axb4 axb4 17. Rxa8+ Bxa8 18. Qa1 bxc3 19. Qxc3 Qb4 20. Qe3 cxb3 21. Bxb3 0-0 22. Rb1 Rc8 23. Qd3 Qa5 24. g4 Bb7 25. Ng3 Ba6 26. Qe3 Qa3 27. f5 Nc4 28. Qf4 Nxd2 29. Qxd2 Na5 30. f6 Nxb3 31. Qh6 Qf8 32. Qxf8+ Kxf8 33. Rxb3 Ke8 34. Ra3 Rc6 35. Kf2 Kd7 36. Ke3 Kc7 37. g5 Kb6 38. Kd2 Rc4 39. Rb3+ Bb5 40. Ke3 Rc2 41. Nf1 Re2+ 42. Kf3 Rc2 43. h4 Ka5 44. Ne3 Rd2 45. Rc3 Be2+ 46. Kg3 Rxd4 47. Rc7 Re4 48. Kf2 Bh5 49. Rxf7 d4 50. Nf1 d3 51. Rd7 Re2+ 52. Kg1 Re1 53. f7 Be2 54. f8Q Kb5 55. Qb8+ Kc4 1-0

[Event "EU-Cup (Women) 11th"]
[Site "Fuegen"]
[Date "2006.10.10"]
[Round "3.2"]
[White "Klipper, Rebecca"]
[Black "Vovinkina, Natalia"]
[Result "0-1"]
[WhiteElo "2054"]
[BlackElo "2203"]
[PlyCount "156"]
[EventDate "2006.10.08"]
[EventType "team-swiss"]
[EventRounds "7"]
[EventCountry "AUT"]
[SourceTitle "EXT 2013"]
[Source "ChessBase"]
[SourceDate "2012.11.22"]
[SourceVersion "1"]
[SourceVersionDate "2012.11.22"]
[SourceQuality "1"]
[WhiteTeam "Vandoeuvre (W)"]
[BlackTeam "Herzliya (W)"]
[WhiteTeamCountry "FRA"]
[BlackTeamCountry "ISR"]

1. d4 d5 2. Nf3 Nf6 3. e3 Bf5 4. Bd3 Bxd3 5. Qxd3 Nbd7 6. Nbd2 c5 7. c3 e6 8. 0-0 Be7 9. e4 Qc7 10. e5 c4 11. Qc2 Ng8 12. Re1 b5 13. a4 b4 14. cxb4 Bxb4 15. b3 c3 16. Nb1 Rc8 17. Re3 Ne7 18. Na3 a6 19. Qd3 Qb6 20. Nc2 a5 21. Ba3 Nc6 22. Bxb4 axb4 23. Qb5 Rb8 24. Qxb6 Rxb6 25. a5 Rb5 26. Nfe1 Ke7 27. Nd3 Ra8 28. a6 Nb6 29. f4 g6 30. g4 Nc8 31. Rh3 N8a7 32. Rxh7 Rab8 33. Rf1 Nd8 34. f5 gxf5 35. gxf5 exf5 36. Rxf5 R8b6 37. Nc5 Rg6+ 38. Kf1 Rxc5 39. dxc5 Rxa6 40. Nxb4 Ra3 41. Rh6 Rxb3 42. Nxd5+ Ke8 43. Ke2 Nac6 44. Rh4 c2 45. Kd2 Rd3+ 46. Kxc2 Rxd5 47. Rg5 Rxc5+ 48. Kb3 Ne6 49. Rg8+ Ke7 50. Re4 Ned4+ 51. Kb2 Rc2+ 52. Kb1 Rxh2 53. Rc8 Kd7 54. Rf8 Ke6 55. Re8+ Kd7 56. Rf8 Rf2 57. Rh4 Ne6 58. Rg8 Nxe5 59. Rg1 Ke7 60. Ra4 Nd3 61. Ra3 Nec5 62. Ka1 Nb4 63. Ra7+ Kf6 64. Rh1 Nb3+ 65. Kb1 Nd5 66. Rh3 Nd4 67. Rd3 Ke5 68. Ra4 Nc6 69. Rc4 Nce7 70. Rc1 Re2 71. Rf1 f5 72. Kc1 f4 73. Kd1 Ra2 74. Re1+ Kf5 75. Rd2 Nc3+ 76. Kc1 Ra1+ 77. Kb2 Rxe1 78. Kxc3 f3 0-1

[Event "EU-Cup (Women) 11th"]
[Site "Fuegen"]
[Date "2006.10.08"]
[Round "1.2"]
[White "Vovinkina, Natalia"]
[Black "Cramling, Pia"]
[Result "0-1"]
[WhiteElo "2203"]
[BlackElo "2528"]
[PlyCount "120"]
[EventDate "2006.10.08"]
[EventType "team-swiss"]
[EventRounds "7"]
[EventCountry "AUT"]
[SourceTitle "EXT 2013"]
[Source "ChessBase"]
[SourceDate "2012.11.22"]
[SourceVersion "1"]
[SourceVersionDate "2012.11.22"]
[SourceQuality "1"]
[WhiteTeam "Herzliya (W)"]
[BlackTeam "Podgorica (W)"]
[WhiteTeamCountry "ISR"]
[BlackTeamCountry "MNE"]

1. d4 d5 2. Bg5 c5 3. e4 dxe4 4. d5 h6 5. Bf4 Nf6 6. Nc3 a6 7. a4 Nbd7 8. Bc4 Nb6 9. b3 e6 10. dxe6 Qxd1+ 11. Rxd1 Bxe6 12. Bxe6 fxe6 13. Nge2 Nbd5 14. 0-0 Be7 15. Be5 Kf7 16. Bxf6 Nxf6 17. Ng3 Rhd8 18. Ncxe4 c4 19. Nxf6 gxf6 20. Ne2 Rac8 21. g3 cxb3 22. cxb3 Rc2 23. Rxd8 Bxd8 24. Rd1 Be7 25. Kf1 Rb2 26. Rd3 f5 27. f3 e5 28. g4 f4 29. h4 Ke6 30. h5 Bg5 31. Nc3 Rxb3 32. Ke2 Be7 33. Ne4 Rb4 34. Nc3 Rb2+ 35. Kd1 Rb4 36. Ke2 Rc4 37. Kd1 b6 38. Ke2 Bc5 39. Kd1 Bd4 40. Ne4 Rxa4 41. Ke2 a5 42. Rd1 Ra2+ 43. Rd2 Rxd2+ 44. Kxd2 a4 45. Kc2 Ke7 46. Kb1 b5 47. Ka2 b4 48. Nd2 Kf7 49. Ne4 Ke6 50. Nd2 Kd5 51. Ne4 Kc4 52. g5 b3+ 53. Ka3 Kd3 54. g6 b2 55. g7 b1Q 56. g8Q Qb3+ 57. Qxb3+ axb3 58. Kxb3 Ke2 59. Nd6 Kxf3 60. Nf5 Ba1 0-1

[Event "EU-Cup (Women) 09th"]
[Site "Izmir"]
[Date "2004.10.07"]
[Round "5.2"]
[White "Atalik, Ekaterina"]
[Black "Vovinkina, Natalia"]
[Result "1-0"]
[WhiteElo "2407"]
[BlackElo "2156"]
[PlyCount "107"]
[EventDate "2004.10.03"]
[EventType "team-swiss"]
[EventRounds "7"]
[EventCountry "TUR"]
[SourceTitle "EXT 2013"]
[Source "ChessBase"]
[SourceDate "2012.11.22"]
[SourceVersion "1"]
[SourceVersionDate "2012.11.22"]
[SourceQuality "1"]
[WhiteTeam "St Petersburg Finek (W)"]
[BlackTeam "Herzliya (W)"]
[WhiteTeamCountry "RUS"]
[BlackTeamCountry "ISR"]

1. e4 e5 2. Nf3 Qe7 3. Bc4 h6 4. 0-0 d6 5. d4 Nf6 6. Nc3 c6 7. h3 Qc7 8. Nh4 g5 9. dxe5 dxe5 10. Qf3 Nbd7 11. Nf5 b5 12. Bb3 Nc5 13. Be3 Ne6 14. g3 Rg8 15. Bxe6 Bxe6 16. Nxh6 Bxh6 17. Qxf6 Bf8 18. g4 Rg6 19. Qf3 0-0-0 20. Rfd1 Bd6 21. Ne2 Rh8 22. Kh2 Rgh6 23. Ng1 Be7 24. Qe2 Bc4 25. Qd2 f6 26. f3 Be6 27. Qf2 Kb7 28. a4 b4 29. Bc5 a5 30. Rd2 Rd8 31. Rad1 Rhh8 32. Bxe7 Rxd2 33. Qxd2 Qxe7 34. Qd6 Qxd6 35. Rxd6 Re8 36. Ne2 b3 37. cxb3 Kc7 38. Rd3 Rb8 39. Nc1 c5 40. Rc3 Kd6 41. Kg3 c4 42. bxc4 Rxb2 43. h4 gxh4+ 44. Kxh4 Rh2+ 45. Kg3 Rb2 46. Nd3 Ra2 47. c5+ Kc7 48. c6 Bc8 49. g5 fxg5 50. Nxe5 Rxa4 51. Ng4 Rd4 52. Nf6 Kd6 53. c7 Rb4 54. Rd3+ 1-0

[Event "EU-Cup (Women) 09th"]
[Site "Izmir"]
[Date "2004.10.04"]
[Round "2.2"]
[White "Vovinkina, Natalia"]
[Black "Zdebskaja, Natalia"]
[Result "1-0"]
[WhiteElo "2156"]
[BlackElo "2321"]
[PlyCount "43"]
[EventDate "2004.10.03"]
[EventType "team-swiss"]
[EventRounds "7"]
[EventCountry "TUR"]
[SourceTitle "EXT 2013"]
[Source "ChessBase"]
[SourceDate "2012.11.22"]
[SourceVersion "1"]
[SourceVersionDate "2012.11.22"]
[SourceQuality "1"]
[WhiteTeam "Herzliya (W)"]
[BlackTeam "Kac Jugovic (W)"]
[WhiteTeamCountry "ISR"]
[BlackTeamCountry "SRB"]

1. d4 Nf6 2. Nf3 e6 3. e3 c5 4. c3 b6 5. Nbd2 Bb7 6. Bd3 d5 7. 0-0 Be7 8. Ne5 0-0 9. f4 Nbd7 10. Qf3 Qc7 11. g4 Nxe5 12. fxe5 Nd7 13. Qh3 g6 14. Nf3 Qd8 15. Bd2 f6 16. exf6 Bxf6 17. g5 Bxg5 18. Qxe6+ Kh8 19. Bb5 Nb8 20. Ne5 Bc8 21. Rxf8+ Qxf8 22. Qxd5 1-0

[Event "ISR-ch (Women)"]
[Site "Ramat Aviv"]
[Date "2004.09.23"]
[Round "5"]
[White "Vovinkina, Natalia"]
[Black "Len, Irina"]
[Result "0-1"]
[WhiteElo "2156"]
[BlackElo "2105"]
[PlyCount "78"]
[EventDate "2004.09.19"]
[EventType "swiss"]
[EventRounds "9"]
[EventCountry "ISR"]
[SourceTitle "CBM 102 Extra"]
[Source "ChessBase"]
[SourceDate "2004.11.03"]
[SourceVersion "1"]
[SourceVersionDate "2004.11.03"]
[SourceQuality "1"]

1. d4 d5 2. e4 dxe4 3. Nc3 Nf6 4. f3 exf3 5. Nxf3 Bg4 6. h3 Bxf3 7. Qxf3 c6 8. Be3 e6 9. Bd3 Nbd7 10. 0-0 Be7 11. g4 h6 12. Ne4 Qc7 13. c3 0-0-0 14. Nd2 Nd5 15. Bf2 Qf4 16. Qe2 Rdf8 17. Nc4 h5 18. Bh4 Qc7 19. Bxe7 Nxe7 20. Ne5 hxg4 21. Qxg4 Nxe5 22. dxe5 Qxe5 23. Rae1 Qc5+ 24. Kh2 Qd6+ 25. Qg3 Qxg3+ 26. Kxg3 Nd5 27. Rf3 Kd7 28. c4 Ne7 29. Bc2 c5 30. Ba4+ Kc7 31. a3 Nf5+ 32. Kh2 Rh4 33. Bc2 Nd4 34. Rc3 f5 35. Bd1 g5 36. Kg2 Kd6 37. Rce3 Rfh8 38. b4 b6 39. Re5 Rxh3 0-1

[Event "ISR-ch (Women)"]
[Site "Tel Aviv"]
[Date "2002.11.29"]
[Round "5"]
[White "Vovinkina, Natalia"]
[Black "Tsifanskaya, Ludmila A"]
[Result "1-0"]
[WhiteElo "2132"]
[BlackElo "2242"]
[PlyCount "63"]
[EventDate "2002.11.24"]
[EventType "swiss"]
[EventRounds "9"]
[EventCountry "ISR"]
[SourceTitle "CBM 091 Extra"]
[Source "ChessBase"]
[SourceDate "2003.01.09"]
[SourceVersion "1"]
[SourceVersionDate "2003.01.09"]
[SourceQuality "1"]

1. d4 Nf6 2. c4 g6 3. Nc3 Bg7 4. e4 d6 5. f3 0-0 6. Be3 b6 7. Qd2 c5 8. d5 e6 9. Rd1 exd5 10. Nxd5 Be6 11. Nc3 Nc6 12. h4 Nd4 13. b3 Ne8 14. Nge2 Nxe2 15. Bxe2 f5 16. Bg5 Qd7 17. exf5 Bxf5 18. g4 Be6 19. h5 Be5 20. f4 Bd4 21. hxg6 hxg6 22. Nb5 Bg7 23. Bf3 Rc8 24. Bd5 Nf6 25. Bxf6 Rxf6 26. g5 Rff8 27. Qh2 Kf7 28. f5 Bxd5 29. Nxd6+ Qxd6 30. Qxd6 Bxh1 31. Qxg6+ Kg8 32. Rd7 1-0

[Event "ISR-ch (Women)"]
[Site "Tel Aviv"]
[Date "2002.11.27"]
[Round "3"]
[White "Vovinkina, Natalia"]
[Black "Yudasina, Irina"]
[Result "0-1"]
[WhiteElo "2132"]
[BlackElo "2128"]
[PlyCount "114"]
[EventDate "2002.11.24"]
[EventType "swiss"]
[EventRounds "9"]
[EventCountry "ISR"]
[SourceTitle "CBM 091 Extra"]
[Source "ChessBase"]
[SourceDate "2003.01.09"]
[SourceVersion "1"]
[SourceVersionDate "2003.01.09"]
[SourceQuality "1"]

1. d4 d5 2. Bf4 Nf6 3. e3 c5 4. c3 Nc6 5. Bd3 Bg4 6. Qa4 e6 7. Nf3 Bxf3 8. gxf3 cxd4 9. cxd4 Bd6 10. Bxd6 Qxd6 11. Nc3 0-0 12. f4 a6 13. Rc1 b5 14. Qd1 Rfc8 15. 0-0 Rc7 16. Qf3 Na5 17. Qg3 Rac8 18. f5 Qxg3+ 19. hxg3 Nc4 20. Bxc4 Rxc4 21. fxe6 fxe6 22. Ne2 Rc2 23. f3 Nd7 24. Kf2 Nb6 25. b3 Rxa2 26. Rxc8+ Nxc8 27. Rc1 Ne7 28. e4 Kf7 29. Ke3 Rb2 30. Rc3 h5 31. Nf4 b4 32. Rd3 g6 33. Nh3 Kf6 34. Nf2 g5 35. g4 h4 36. Nh3 dxe4 37. fxe4 Rg2 38. Nf2 Ng6 39. e5+ Ke7 40. Ne4 Rxg4 41. Rd1 h3 42. Rh1 Nf4 43. Kf3 Rg2 44. Nf2 h2 45. Ng4 Rb2 46. Rxh2 Rxb3+ 47. Ke4 Kd7 48. Ra2 Ra3 49. Rc2 Nd5 50. Nf6+ Nxf6+ 51. exf6 g4 52. Rg2 Rf3 53. Ra2 Rxf6 54. Rxa6 Rg6 55. Kd3 g3 56. Ra1 g2 57. Rg1 b3 0-1

[Event "ISR-ch (Women)"]
[Site "Tel Aviv"]
[Date "2002.11.24"]
[Round "1"]
[White "Vovinkina, Natalia"]
[Black "Borsuk, Angela"]
[Result "0-1"]
[WhiteElo "2132"]
[BlackElo "2255"]
[PlyCount "110"]
[EventDate "2002.11.24"]
[EventType "swiss"]
[EventRounds "9"]
[EventCountry "ISR"]
[SourceTitle "CBM 091 Extra"]
[Source "ChessBase"]
[SourceDate "2003.01.09"]
[SourceVersion "1"]
[SourceVersionDate "2003.01.09"]
[SourceQuality "1"]

1. d4 d6 2. Nf3 Nf6 3. Bg5 Nbd7 4. Nc3 c6 5. e4 e5 6. Bd3 Be7 7. h3 b5 8. d5 b4 9. dxc6 bxc3 10. cxd7+ Bxd7 11. bxc3 Qa5 12. Qd2 Rc8 13. c4 Qc7 14. Qe2 0-0 15. 0-0 h6 16. Be3 Nh7 17. Nd2 Ng5 18. f4 exf4 19. Rxf4 Ne6 20. Rf2 Bh4 21. g3 Bxg3 22. Rg2 Nf4 23. Bxf4 Bxf4 24. Qf3 Qc5+ 25. Kh1 Qe3 26. Re1 Qxf3 27. Nxf3 Bxh3 28. Rge2 Be6 29. Rg1 Bxc4 30. Nd4 Kh8 31. Nf5 Be5 32. a4 Rfd8 33. Rb1 Be6 34. Ne7 Rb8 35. Rxb8 Rxb8 36. Nc6 Rb7 37. Nd8 Rb4 38. Nxe6 fxe6 39. Bb5 Kg8 40. Kg2 Kf7 41. Rf2+ Ke7 42. Kf3 d5 43. Re2 Kd6 44. Re3 Bf6 45. Re1 Rb2 46. Re2 Rb1 47. exd5 exd5 48. Rg2 Ke5 49. Ke2 a5 50. Kd3 Rd1+ 51. Ke2 Rh1 52. Be8 Rh4 53. Kd1 Bg5 54. Re2+ Re4 55. Rf2 Bh4 0-1

[Event "ISR-ch (Women)"]
[Site "Ramat Aviv/Modiin"]
[Date "2000.12.25"]
[Round "8"]
[White "Vovinkina, Natalia"]
[Black "Pitam, Ella"]
[Result "0-1"]
[WhiteElo "2090"]
[BlackElo "2323"]
[PlyCount "104"]
[EventDate "2000.12.17"]
[EventType "tourn"]
[EventRounds "9"]
[EventCountry "ISR"]
[SourceTitle "CBM 079 Extra"]
[Source "ChessBase"]
[SourceDate "2001.01.11"]
[SourceVersion "2"]
[SourceVersionDate "2001.01.25"]
[SourceQuality "1"]

1. d4 d5 2. Nf3 Nf6 3. Bg5 Ne4 4. Bf4 c5 5. e3 Qb6 6. Qc1 Nc6 7. c3 Bf5 8. Be2 Rc8 9. 0-0 h6 10. Ne5 Nf6 11. Nd2 cxd4 12. Nxc6 dxc3 13. Nxa7 cxb2 14. Bb5+ Qxb5 15. Nxb5 bxc1Q 16. Raxc1 g5 17. Bg3 Bg7 18. Nc7+ Kf8 19. Rc5 Kg8 20. Rfc1 Kh7 21. f3 Rhd8 22. Nb3 Bd7 23. Nxd5 Nxd5 24. Rxd5 Be6 25. Rxd8 Rxd8 26. Rc7 Rd1+ 27. Kf2 Rb1 28. Rxb7 Bc4 29. Bb8 Rb2+ 30. Kg1 Rxa2 31. Nd4 Ra1+ 32. Kf2 Bf6 33. Nf5 Bc3 34. e4 Rf1+ 35. Kg3 Be1+ 36. Kh3 h5 37. Rxe7 Rxf3+ 38. Bg3 Ra3 39. Rc7 Be6 40. Rc1 Bb4 41. Rc7 Kg6 42. Rc6 Bd2 43. Rxe6+ fxe6 44. Ne7+ Kf7 45. Nc6 h4 46. Ne5+ Kf6 47. Nc4 Rd3 48. Nxd2 hxg3 49. Nf1 gxh2+ 50. Kxh2 Ke5 51. Ng3 g4 52. Kh1 Kf4 0-1

[Event "ISR-ch (Women)"]
[Site "Ramat Aviv/Modiin"]
[Date "2000.12.21"]
[Round "5"]
[White "Vovinkina, Natalia"]
[Black "Mamantov, Margarita"]
[Result "1/2-1/2"]
[WhiteElo "2090"]
[BlackElo "2111"]
[PlyCount "83"]
[EventDate "2000.12.17"]
[EventType "tourn"]
[EventRounds "9"]
[EventCountry "ISR"]
[SourceTitle "CBM 079 Extra"]
[Source "ChessBase"]
[SourceDate "2001.01.11"]
[SourceVersion "2"]
[SourceVersionDate "2001.01.25"]
[SourceQuality "1"]

1. d4 d5 2. e3 Nf6 3. Bd3 c5 4. b3 Nc6 5. Bb2 Qc7 6. a3 e5 7. dxe5 Nxe5 8. Bb5+ Bd7 9. Bxd7+ Nexd7 10. Nc3 Qc6 11. Qf3 Bd6 12. 0-0-0 Ne5 13. Qf5 d4 14. exd4 cxd4 15. Rxd4 0-0 16. Ne4 Nd3+ 17. Kb1 Nxe4 18. Rxd3 Rac8 19. c4 Nc5 20. Qg5 f6 21. Qd5+ Qxd5 22. Rxd5 Be5 23. b4 Ne4 24. Nh3 Rxc4 25. Rd3 Bxb2 26. Kxb2 Rfc8 27. Rhd1 Kf7 28. f3 Rc2+ 29. Kb3 Nf2 30. Rd7+ Ke8 31. Rd8+ Rxd8 32. Rxd8+ Kxd8 33. Kxc2 Nxh3 34. gxh3 Kd7 35. Kd3 Ke6 36. Ke4 g5 37. h4 f5+ 38. Kd4 gxh4 39. h3 Kd6 40. a4 b6 41. f4 a6 42. b5 1/2-1/2